|
|
|
|
| LEADER |
00000cam a2200000 a 4500 |
| 001 |
1/125028 |
| 008 |
220609s2014####gr a ||| |||| ||gre|| |
| 020 |
|
|
|a 9789605040673
|
| 040 |
|
|
|a GR-MyUa
|b gre
|c GR-MyUa
|e AACR2
|
| 041 |
1 |
|
|a gre
|h ita
|
| 082 |
7 |
|
|a 724.6
|2 (23)
|
| 100 |
1 |
|
|a Montaner, Josep Maria.
|
| 245 |
1 |
0 |
|a Ιστορία της σύγχρονης αρχιτεκτονικής :
|b κινήματα ιδέες και δημιουργοί στο δεύτερο μισό του 20ου αιώνα /
|c Josep Maria Montaner ; μετάφραση Μαρία Παλαιολόγου, Ανδρέας Γιακουμακάτος ; επιστημονική επιμέλεια-εισαγωγή Ανδρέας Γιακουμακάτος.
|
| 260 |
|
|
|a Αθήνα :
|b Νεφέλη,
|c c2014.
|
| 300 |
|
|
|a 542 σ. :
|b εικ. ;
|c 24 εκ.
|
| 500 |
|
|
|a Τίτλος πρωτοτύπου: Después del movimiento moderno : arquitectura de la segunda mitad del siglo XX.
|
| 504 |
|
|
|a Περιέχει βιβλιογραφικές αναφορές και ευρετήριο.
|
| 650 |
|
0 |
|a Architecture, Modern
|y 20th century.
|
| 700 |
1 |
|
|a Γιακουμακάτος, Αντρέας,
|d 1955-
|e edt
|e trl
|
| 852 |
|
|
|a INST
|b LESVOS
|c EUDOXUS
|e 20220609
|h 724.6 MON
|p 005100063455
|q 005100063455
|t EDX
|y 0
|
| 920 |
|
|
|a Εύδοξος
|b Παραγγελία
|y Λέσβος-ΤΠΤΕ
|z 2022-05
|
| 970 |
|
|
|a Καμάτσου
|b Δέσποινα
|z 09-06-2022
|